Reveal and conceal : (Record no. 5405)
[ view plain ]
| 000 -LEADER | |
|---|---|
| fixed length control field | 00886nac a22002411u 4500 |
| 010 ## - LIBRARY OF CONGRESS CONTROL NUMBER | |
| LC control number | 86005889 |
| 020 ## - INTERNATIONAL STANDARD BOOK NUMBER | |
| International Standard Book Number | 0815623682 (alk. paper) |
| 082 00 - DEWEY DECIMAL CLASSIFICATION NUMBER | |
| Classification number | 391.00962 |
| Item number | RUG |
| 090 ## - LOCALLY ASSIGNED LC-TYPE CALL NUMBER (OCLC); LOCAL CALL NUMBER (OCLC) | |
| -- | 5405 |
| -- | 5405 |
| 100 ## - MAIN ENTRY--PERSONAL NAME | |
| Personal name | Rugh, Andrea B. |
| 245 10 - TITLE STATEMENT | |
| Title | Reveal and conceal : |
| Remainder of title | dress in contemporary Egypt / |
| Statement of responsibility, etc | Andrea B. Rugh ; line drawings by Elizabeth Rodenbeck ; photographs by William A. Rugh. |
| 250 ## - EDITION STATEMENT | |
| Edition statement | 1st ed. |
| 260 ## - PUBLICATION, DISTRIBUTION, ETC. (IMPRINT) | |
| Place of publication, distribution, etc | Syracuse, N.Y. : |
| Name of publisher, distributor, etc | Syracuse University Press,1986 |
| Date of publication, distribution, etc | 1986. |
| 300 ## - PHYSICAL DESCRIPTION | |
| Extent | xi, 185 p. : |
| Other physical details | ill. ; |
| Dimensions | 26 cm. |
| 440 #0 - | |
| -- | Contemporary issues in the Middle East |
| 500 ## - GENERAL NOTE | |
| General note | Includes index. |
| 500 ## - GENERAL NOTE | |
| General note | distributer: Al-Ahram |
| 504 ## - BIBLIOGRAPHY, ETC. NOTE | |
| Bibliography, etc | Bibliography: p. 179-180. |
| 511 ## - PARTICIPANT OR PERFORMER NOTE | |
| Participant or performer note | catalogued by: wessam |
| 650 #0 - SUBJECT ADDED ENTRY--TOPICAL TERM | |
| Topical term or geographic name as entry element | Clothing and dress |
| Geographic subdivision | Egypt. |
| 650 #0 - SUBJECT ADDED ENTRY--TOPICAL TERM | |
| Topical term or geographic name as entry element | Clothing and dress |
| Form subdivision | Case studies. |
| 942 ## - ADDED ENTRY ELEMENTS (KOHA) | |
| Item type | Book - Borrowing |
| Call number prefix | 391.00962RUG |
| Withdrawn status | Item status | Damaged status | Not for loan | Home library | Current library | Shelving location | Date acquired | Source of acquisition | Total Checkouts | Full call number | Barcode | Date last seen | Koha item type |
|---|---|---|---|---|---|---|---|---|---|---|---|---|---|
| Central Library | Central Library | First floor | 25/10/2007 | Purchase | 391.00962RUG | 000006636 | 15/07/2025 | Book - Borrowing |